000 00972nam a2200301 a 4500
003 MX-MxUPN
005 20250521115611.0
008 020910s2000 fr a fr 000 0 spa d
020 _a0850926505
_q(London)
020 _a9280312006
_q(París)
035 _aUPN01000119020
040 _aMX-MxUPN
_bspa
041 0 _aeng
049 _aCG
050 4 _aLB3033
_bB7.2 2000
100 1 _aBray, Mark,
_d1952-
_934736
245 1 0 _aDouble-shift schooling :
_bdesign and operation for cost-effectiveness
250 _aSecond edition
260 _aLondon :
_bCommonwealth Secretariat
260 _aParís :
_bUNESCO, International Institute for Educational Planning,
_a2000.
300 _a92 páginas :
_bilustraciones
650 4 _aHorarios escolares
_922697
650 4 _aEscuelas de doble turno
_921844
650 4 _aEscuelas
_xDirección y organización
_9346
650 2 _aAnálisis de costos
_9268
902 _bVíctorGodínez/210525
942 _2lcc
_cLIBRO
999 _c91380
_d91380